We bring the boom lyrics - Statistics

General Stats
  • This quiz has been taken 79 times
  • The average score is 115 of 157
Answer Stats
Hint Answer % Correct
1 We
100%
1 BOOM
98%
1 Boom
98%
1 Bring
98%
1 The
98%
1 Do
97%
That
97%
1 What
97%
1 Thats
91%
1 You
84%
1 To
81%
A
78%
Short for for you page FYP
72%
Every
66%
And
62%
On
60%
Your
59%
Chicken
55%
Everyone
55%
Chocolate
53%
Chunk
53%
Double
53%
Father
50%
So
50%
Son
50%
Afternoon
47%
Bringing
47%
Bakes
45%
Cookies
45%
Favorite
45%
Be
43%
With
43%
Earth
40%
Shakes
40%
Three
40%
Whole
38%
Loud
36%
Past
36%
Quarter
36%
Well
36%
Around
31%
Big
29%
Justice
29%
He
22%
Serves
17%
Cause
16%
Doom
16%
Everybody
16%
World
16%
Biceps
14%
Call
14%
Deserves
14%
Him
14%
Or
12%
Our
12%
Triceps
12%
Happiness
10%
Room
10%
When
10%
Enter
9%
Changing
7%
Up
7%
Laugher
0%
No matching quizzes found
Score Distribution
Percent of People with Each Score
Percentile by Number Answered
Your Score History
You have not taken this quiz